Electrical Engineering Fundamentals (Record no. 12749)

MARC details
000 -LEADER
fixed length control field 00339nam a2200133Ia 4500
008 - FIXED-LENGTH DATA ELEMENTS--GENERAL INFORMATION
fixed length control field 230312s9999||||xx |||||||||||||| ||und||
082 ## - DEWEY DECIMAL CLASSIFICATION NUMBER
Classification number 621.310
Item number CHA-E
100 ## - MAIN ENTRY--PERSONAL NAME
Personal name Chapman
245 #0 - TITLE STATEMENT
Title Electrical Engineering Fundamentals
260 ## - PUBLICATION, DISTRIBUTION, ETC.
Name of publisher, distributor, etc. McGraw Hill
Place of publication, distribution, etc. Singapore
Date of publication, distribution, etc. 2012
300 ## - PHYSICAL DESCRIPTION
Extent 680
650 ## - SUBJECT ADDED ENTRY--TOPICAL TERM
Topical term or geographic name entry element Engineering
Form subdivision Electrical
942 ## - ADDED ENTRY ELEMENTS (KOHA)
Koha item type BOOK
Holdings
Withdrawn status Lost status Source of classification or shelving scheme Damaged status Not for loan Home library Current library Date acquired Total Checkouts Full call number Barcode Date last seen Price effective from Koha item type
    Dewey Decimal Classification     Superior Information Resource Center (SIRC) Superior University- Central Library Superior Information Resource Center (SIRC) Superior University- Central Library 03/13/2023   621.310 CHA-E 12880 03/13/2023 03/13/2023 BOOK

Powered by Koha